000 00609nam a2200205Ia 4500
003 OSt
005 20240930112448.0
008 210210b1984 xxu||||| |||| 00| 0 eng d
040 _aAL
_c
041 _aKonkani
082 _a891.46308 CHAR
100 _a-
_938385
245 _aCHAR KANIYON
_bಚಾರ್ ಕಾಣಿಯೊ
260 _aManglur
_bSevak Prakashan
_c1984
300 _a127
650 _aPatin Ayillen Bella Hilari Kardoja Vadal Gledis Parat Ankrello Mog Josphin Minezas Shindllen Kaliz Henry Di Souza
_938386
690 _aKonkani Fiction
_938387
906 _a050126
942 _2ddc
_cBK
999 _c98662
_d98662